| 000 | 00626nam a2200181Ia 4500 | ||
|---|---|---|---|
| 008 | 090124s9999 xx 000 0 und d | ||
| 082 | _b37006 | ||
| 100 | _aघाणेकर प्र. के. | ||
| 245 | _a य़ोध्दा झोरावरसिंग | ||
| 250 | _a0 | ||
| 260 |
_bस्नेेहल प्रकाशन _c2000 |
||
| 300 | _a80 | ||
| 600 | _aघाणेकर प्र. के. | ||
| 630 | _a य़ोध्दा झोरावरसिंग | ||
| 700 | _aघाणेकर प्र. के. | ||
| 730 | _a य़ोध्दा झोरावरसिंग | ||
| 942 | _cBOOK | ||
| 999 |
_c86787 _d86787 |
||